Computational Linear Algebra

保存先:
書誌詳細
第一著者: White
フォーマット: 図書
出版事項: CRC Press
タグ: タグ追加
タグなし, このレコードへの初めてのタグを付けませんか!

MARC

LEADER 00000nam a2200000Ia 4500
005 20260513122050.0
020 |a 9781032302461 
100 |a White 
365 |c £ 
365 |b 28.00 
942 |c BK 
245 |a Computational Linear Algebra 
260 |b CRC Press 
999 |c 23  |d 23 
952 |0 0  |1 0  |4 0  |7 0  |a UNSW  |b UNSW  |d 2026-05-06  |g 50.99  |i 16687  |l 0  |p 000106  |r 2026-05-13 12:20:50  |v 50.99  |w 2026-05-13  |y BK